[Event "4NCL Online Division 4"]
[Site "online"]
[Date "2020.06.02"]
[Round "9.44"]
[White "Murphy, Jack"]
[Black "Oates, Thomas"]
[Result "0-1"]
[WhiteElo "1502"]
[BlackElo "1645"]
[PlyCount "56"]
[EventDate "2020.06.02"]
[WhiteTeam "Weston Super Mare"]
[BlackTeam "Camborne & Redruth"]

1. d4 f5 2. Bf4 e6 3. Nf3 Nf6 4. e3 b6 5. h3 Bb7 6. Nbd2 Be7 7. Be2 O-O 8. O-O
d6 9. Bc4 d5 10. Be2 Bd6 11. Bxd6 Qxd6 12. c4 c6 13. Qb3 Qe7 14. Rac1 Nbd7 15.
Bd3 Kh8 16. Nb1 Rac8 17. cxd5 cxd5 18. Nc3 Ne4 19. Rfd1 Ndf6 20. Ne5 Nxc3 21.
bxc3 Ne4 22. f3 Nd6 23. c4 Qg5 24. cxd5 Qxe3+ 25. Kh2 Rxc1 26. dxe6 Rxd1 27. e7
Qf4+ 28. g3 Qd2+ 0-1

[Event "4NCL Online Division 4"]
[Site "online"]
[Date "2020.06.02"]
[Round "9.52"]
[White "Cook, John"]
[Black "Alvares, Owen"]
[Result "1/2-1/2"]
[WhiteElo "1815"]
[BlackElo "1840"]
[PlyCount "107"]
[EventDate "2020.06.02"]
[WhiteTeam "Kent KJCA Kestrels C"]
[BlackTeam "Catford Cosmonauts 3"]

1. c4 e5 2. g3 d6 3. Nc3 Nf6 4. Bg2 c6 5. d4 exd4 6. Qxd4 Be7 7. Nf3 h6 8. e4
Be6 9. O-O O-O 10. b3 Nbd7 11. Ba3 c5 12. Qd2 Ne5 13. Rad1 Qa5 14. Bb2 Bg4 15.
Qe3 Rad8 16. Rd2 Nh5 17. Nd5 Nxf3+ 18. Bxf3 Bg5 19. Nf4 Bxf3 20. Bc3 Nxf4 21.
gxf4 Bxf4 22. Qxf3 Bxd2 23. Bxa5 Bxa5 24. Rd1 Bc7 25. Rd5 Rfe8 26. Qd3 f6 27.
Kg2 Re6 28. f3 Rde8 29. Kg3 g5 30. Kg4 Kg7 31. Kh5 Re5 32. Qf1 b6 33. Qh3 a5
34. Qd7+ R8e7 35. Qc6 R5e6 36. Qb5 Bd8 37. Qc6 Bc7 38. Qb5 Re8 39. Qc6 R8e7 40.
Rf5 Re5 41. Rxe5 fxe5 42. Qd5 Bb8 43. Qa8 Bc7 44. Qd5 Kh7 45. Qc6 Kg7 46. Kg4
Kg6 47. h3 Rf7 48. Qe8 h5+ 49. Kg3 Kg7 50. Qe6 Rf6 51. Qd7+ Rf7 52. Qe6 Rf4 53.
Qd7+ Rf7 54. Qe6 1/2-1/2

[Event "4NCL Online Division 4"]
[Site "online"]
[Date "2020.06.02"]
[Round "9.61"]
[White "Kitchen, Peter J"]
[Black "Jenkins, John"]
[Result "0-1"]
[WhiteElo "1862"]
[BlackElo "2065"]
[PlyCount "80"]
[EventDate "2020.06.02"]
[WhiteTeam "Celtic Tigers Cubs"]
[BlackTeam "Stroud The Old"]

1. Nf3 Nf6 2. d4 g6 3. c4 Bg7 4. g3 O-O 5. Bg2 d6 6. O-O Nc6 7. Nc3 a6 8. b3
Rb8 9. Nd5 Nd7 10. Bb2 e6 11. Ne3 b5 12. Rc1 bxc4 13. Rxc4 Na7 14. Qc2 c6 15.
a4 Nb6 16. Rc3 Bb7 17. Ba3 Qd7 18. Rd1 Rfc8 19. Ng5 Nd5 20. Nxd5 cxd5 21. Nf3
Rxc3 22. Qxc3 Rc8 23. Qb4 Rc6 24. e3 Qc7 25. Ne1 Rb6 26. Qa5 Bf8 27. Rc1 Qd8
28. Qc3 Rc6 29. Qd2 Qb6 30. Rxc6 Nxc6 31. Qc3 Na5 32. b4 Nc4 33. Bc1 Bc6 34. e4
Qb7 35. Bf1 Bxa4 36. Bxc4 dxc4 37. Qxc4 Qxe4 38. Be3 Bc6 39. Kf1 Bb5 40. Qxb5
axb5 0-1

[Event "4NCL Online Division 4"]
[Site "online"]
[Date "2020.06.02"]
[Round "9.62"]
[White "Brown, Graham K"]
[Black "White, John"]
[Result "0-1"]
[WhiteElo "1757"]
[BlackElo "1817"]
[PlyCount "133"]
[EventDate "2020.06.02"]
[WhiteTeam "Stroud The Old"]
[BlackTeam "Celtic Tigers Cubs"]

1. h3 d5 2. e4 dxe4 3. Nc3 Bf5 4. Nge2 e3 5. fxe3 e6 6. g3 Bd6 7. Bg2 c6 8. O-O
Qc7 9. e4 Bg6 10. Qe1 Nd7 11. d3 Ngf6 12. Bf4 O-O-O 13. Qf2 e5 14. Be3 Qa5 15.
a3 Bc5 16. d4 exd4 17. Bxd4 Bxd4 18. Nxd4 Rhe8 19. Rae1 Ne5 20. Nb3 Qb6 21.
Qxb6 axb6 22. Nc1 Nc4 23. Nd3 Nd7 24. Rf2 Nde5 25. Nxe5 Nxe5 26. Rfe2 Nc4 27.
b3 Ne5 28. Kf2 Kc7 29. Rd1 Rxd1 30. Nxd1 Rd8 31. Ne3 f6 32. Nf5 Rd7 33. Ke3 Be8
34. Rd2 g6 35. Nd4 Bf7 36. Ne2 Rxd2 37. Kxd2 Kd6 38. Nd4 Be8 39. Nf3 c5 40.
Nxe5 Kxe5 41. Ke3 Bc6 42. Bf3 h5 43. g4 h4 44. c3 b5 45. b4 c4 46. Bg2 f5 47.
gxf5 gxf5 48. Bf3 Bxe4 49. Bh5 Bg2 50. Be8 Bc6 51. Bh5 f4+ 52. Ke2 Bd7 53. Bf3
b6 54. Kf2 Bxh3 55. Bc6 Be6 56. Bxb5 Bd5 57. Bd7 Ke4 58. a4 Kd3 59. a5 bxa5 60.
bxa5 Kxc3 61. a6 Kd2 62. Bc8 Ba8 63. Bb7 c3 64. Bxa8 c2 65. Bb7 c1=Q 66. Kf3
Qf1+ 67. Kg4 0-1

[Event "4NCL Online Division 4"]
[Site "online"]
[Date "2020.06.02"]
[Round "9.63"]
[White "Cranston, Adam"]
[Black "Walker, Adrian"]
[Result "1-0"]
[WhiteElo "1765"]
[BlackElo "1750"]
[PlyCount "73"]
[EventDate "2020.06.02"]
[WhiteTeam "Celtic Tigers Cubs"]
[BlackTeam "Stroud The Old"]

1. d4 d6 2. Bf4 Nd7 3. Nf3 Ngf6 4. Nc3 Nh5 5. Bd2 e5 6. e4 Nhf6 7. dxe5 dxe5 8.
Bc4 Be7 9. O-O h6 10. Qe2 c6 11. a3 Qc7 12. b4 Nf8 13. h3 g5 14. b5 Ng6 15.
bxc6 bxc6 16. Bc1 g4 17. hxg4 Bxg4 18. Qe3 Nf4 19. Nh4 Rg8 20. g3 Bh3 21. Nf5
Bxf5 22. exf5 Ng4 23. Qf3 Bd6 24. Kh1 Nh3 25. Ne4 h5 26. Be3 Kf8 27. Rfd1 h4
28. Nxd6 hxg3 29. fxg3 Rh8 30. Kg2 Nxe3+ 31. Qxe3 c5 32. Qxe5 Qb6 33. Qxh8+ Ke7
34. Qxa8 Qb2 35. Qe8+ Kf6 36. Qxf7+ Kg5 37. Ne4+ 1-0

[Event "4NCL Online Division 4"]
[Site "online"]
[Date "2020.06.02"]
[Round "9.64"]
[White "Reekie-Black, Matthew"]
[Black "Hoong, Jonathan"]
[Result "0-1"]
[WhiteElo "1615"]
[BlackElo "1750"]
[PlyCount "96"]
[EventDate "2020.06.02"]
[WhiteTeam "Stroud The Old"]
[BlackTeam "Celtic Tigers Cubs"]

1. e4 g6 2. d4 d6 3. Nc3 Bg7 4. Be3 c6 5. Qd2 b5 6. f3 Nd7 7. Bd3 Ngf6 8. Bh6
O-O 9. h4 e5 10. h5 Bxh6 11. Qxh6 exd4 12. Nce2 Ne5 13. hxg6 fxg6 14. Nxd4 c5
15. Nxb5 Qb6 16. Nh3 Bxh3 17. Qxh3 Nxd3+ 18. cxd3 Qxb5 19. O-O-O Rae8 20. Qg3
Qb6 21. Rh4 Rb8 22. b3 Rb7 23. f4 Rg7 24. Rdh1 a5 25. Kb2 a4 26. e5 dxe5 27.
fxe5 Nh5 28. Qe3 axb3 29. axb3 Rb8 30. d4 c4 31. R1h3 Qa7 32. Qe2 Rc7 33. Rc3
Rxb3+ 34. Rxb3 cxb3 35. Kb1 b2 36. Qxb2 Rb7 37. Kc2 Rxb2+ 38. Kxb2 Qb7+ 39. Kc3
Qxg2 40. Kc4 Qc6+ 41. Kd3 Ng7 42. Re4 Nf5 43. e6 Kf8 44. Re5 Qa6+ 45. Ke4 Qc4
46. Rd5 Qe2+ 47. Kf4 Qe3+ 48. Kg4 h5# 0-1

[Event "4NCL Online Division 4"]
[Site "online"]
[Date "2020.06.02"]
[Round "9.71"]
[White "Herman, Thomas"]
[Black "Clissold, Ben S"]
[Result "0-1"]
[WhiteElo "1802"]
[BlackElo "2135"]
[PlyCount "46"]
[EventDate "2020.06.02"]
[WhiteTeam "Dorking"]
[BlackTeam "Manchester Juniors A"]

1. e4 e6 2. d4 d5 3. Nc3 Nf6 4. e5 Nfd7 5. f4 c5 6. Nf3 Nc6 7. Be3 a6 8. a3 b6
9. Be2 Be7 10. O-O Bb7 11. Qd3 Qc7 12. g4 O-O-O 13. f5 cxd4 14. fxe6 Ndxe5 15.
Nxe5 Nxe5 16. Qxd4 Bc5 17. Qf4 d4 18. Na4 dxe3 19. Nxc5 Qxc5 20. exf7 Qd5 21.
Qf5+ Kb8 22. Bf3 Nxf3+ 23. Rxf3 Qxf3 0-1

[Event "4NCL Online Division 4"]
[Site "online"]
[Date "2020.06.02"]
[Round "9.72"]
[White "Parry, Samuel"]
[Black "Collins, Anthony S"]
[Result "0-1"]
[WhiteElo "1812"]
[BlackElo "1716"]
[PlyCount "140"]
[EventDate "2020.06.02"]
[WhiteTeam "Manchester Juniors A"]
[BlackTeam "Dorking"]

1. d4 Nf6 2. Bg5 e6 3. e4 Be7 4. Nd2 b6 5. Bd3 Bb7 6. Ngf3 h6 7. Bh4 c5 8. c3
d6 9. Qe2 Nbd7 10. e5 dxe5 11. dxe5 Nd5 12. Bg3 g5 13. Be4 Qc7 14. Nc4 O-O-O
15. Nd6+ Bxd6 16. exd6 Qb8 17. Ne5 Nxe5 18. Bxe5 Nf4 19. d7+ Rxd7 20. Bxb8 Nxe2
21. Bxb7+ Kxb8 22. Bc6 Rd6 23. Kxe2 Rxc6 24. Rad1 Kc7 25. Ke3 Rd8 26. Rxd8 Kxd8
27. h4 Ke7 28. hxg5 hxg5 29. f4 gxf4+ 30. Kxf4 Rd6 31. g4 Rd2 32. Rb1 Kf6 33.
a3 Rf2+ 34. Kg3 Rc2 35. Kf4 e5+ 36. Ke4 Ke6 37. Rh1 Rg2 38. Rh6+ f6 39. Rh7
Rxg4+ 40. Kf3 Ra4 41. Rh8 Rf4+ 42. Ke3 Kd5 43. b3 Rg4 44. Rf8 Rg3+ 45. Kd2 Ke4
46. Rxf6 Rg2+ 47. Kc1 Kd3 48. Rf3+ Ke2 49. Rf7 e4 50. Rxa7 Kd3 51. Rh7 Kxc3 52.
Rh3+ Kd4 53. Rh8 e3 54. Rd8+ Kc3 55. Re8 e2 56. Re3+ Kd4 57. Re6 Rg1+ 58. Kd2
e1=Q+ 59. Rxe1 Rxe1 60. Kxe1 Kc3 61. b4 cxb4 62. axb4 Kxb4 63. Kd2 Kb3 64. Kc1
b5 65. Kb1 b4 66. Ka1 Kc2 67. Ka2 b3+ 68. Ka1 b2+ 69. Ka2 b1=Q+ 70. Ka3 Qb3#
0-1

[Event "4NCL Online Division 4"]
[Site "online"]
[Date "2020.06.02"]
[Round "9.73"]
[White "Davies, Will"]
[Black "Clissold, Julian"]
[Result "0-1"]
[WhiteElo "1547"]
[BlackElo "1795"]
[PlyCount "56"]
[EventDate "2020.06.02"]
[WhiteTeam "Dorking"]
[BlackTeam "Manchester Juniors A"]

1. e4 e6 2. d4 d5 3. Nc3 dxe4 4. Nxe4 Bd7 5. f3 Bc6 6. Be3 Nd7 7. Qd2 Ngf6 8.
Nxf6+ Nxf6 9. O-O-O Bd6 10. Bc4 Nd5 11. Ne2 Nxe3 12. Qxe3 Qe7 13. Nc3 O-O-O 14.
Nb5 Bxb5 15. Bxb5 g5 16. g3 f5 17. Rhe1 f4 18. Qxe6+ Qxe6 19. Rxe6 fxg3 20.
hxg3 Bxg3 21. c3 h5 22. Rh1 h4 23. Bf1 Rde8 24. Bh3 Kd8 25. Rg6 Re2 26. Rg7
Bf4+ 27. Kb1 Ke8 28. Rxc7 Bxc7 0-1

[Event "4NCL Online Division 4"]
[Site "online"]
[Date "2020.06.02"]
[Round "9.74"]
[White "Gardiner, Ethan"]
[Black "Sedgwick, Robert"]
[Result "1-0"]
[WhiteElo "1795"]
[BlackElo "1502"]
[PlyCount "23"]
[EventDate "2020.06.02"]
[WhiteTeam "Manchester Juniors A"]
[BlackTeam "Dorking"]

1. e4 d5 2. exd5 Nf6 3. d4 Nxd5 4. Nf3 Bg4 5. c3 Nc6 6. Nbd2 a6 7. Bc4 Nb6 8.
Bb3 e5 9. dxe5 Nxe5 10. Qe2 Be7 11. Qxe5 Kf8 12. Qf4 1-0

[Event "4NCL Online Division 4"]
[Site "online"]
[Date "2020.06.02"]
[Round "9.81"]
[White "Tipper, David I"]
[Black "Jennings, Richard"]
[Result "1/2-1/2"]
[WhiteElo "1780"]
[BlackElo "1872"]
[PlyCount "106"]
[EventDate "2020.06.02"]
[WhiteTeam "Downend 2"]
[BlackTeam "Bon Accord B"]

1. e4 e5 2. d4 d6 3. dxe5 dxe5 4. Qxd8+ Kxd8 5. Bc4 f6 6. Be3 Ne7 7. Nc3 c6 8.
Nge2 b5 9. Rd1+ Bd7 10. Bb3 Kc7 11. O-O g5 12. a4 b4 13. Nb1 Ng6 14. Nd2 Nf4
15. Ng3 Na6 16. Bc4 Nc5 17. Nb3 Nxb3 18. Bxb3 h5 19. Nf5 Be6 20. Bxf4 Bxb3 21.
Bxe5+ fxe5 22. cxb3 Rh7 23. Rd3 Rd8 24. Rfd1 Rhd7 25. Rxd7+ Rxd7 26. Rxd7+ Kxd7
27. Kf1 h4 28. h3 Bc5 29. Ke2 Bd4 30. f3 Bxb2 31. Kd3 a5 32. Ne3 Bd4 33. Nc4
Bf2 34. Nxa5 Kc7 35. Nc4 Bd4 36. Nd2 Kd6 37. Kc4 Bc3 38. Nf1 Be1 39. Ne3 Bd2
40. Nf5+ Kc7 41. Kc5 Kd7 42. Kb6 Be1 43. a5 Bf2+ 44. Ka6 Bg1 45. Nh6 Ke6 46.
Ng4 Bd4 47. Nh6 Bg1 48. Nf5 Bf2 49. Ng7+ Kd7 50. Nh5 Ke6 51. Ng7+ Kd7 52. Nf5
Bg1 53. Nh6 Ke6 1/2-1/2

[Event "4NCL Online Division 4"]
[Site "online"]
[Date "2020.06.02"]
[Round "9.82"]
[White "Vasiliadis, Theodoros"]
[Black "Pickup, Ian R"]
[Result "1-0"]
[WhiteElo "1820"]
[BlackElo "1780"]
[PlyCount "65"]
[EventDate "2020.06.02"]
[WhiteTeam "Bon Accord B"]
[BlackTeam "Downend 2"]

1. e4 c5 2. Nf3 d6 3. c3 Nc6 4. Be2 e6 5. O-O Nf6 6. d4 Nxe4 7. d5 exd5 8. Qxd5
Nf6 9. Qg5 Ng4 10. Re1 h6 11. Bb5+ Nge5 12. Nxe5 dxe5 13. Rxe5+ Be6 14. Rxe6+
fxe6 15. Qh5+ Kd7 16. Na3 Qf6 17. Be3 Qf5 18. Rd1+ Kc7 19. Qh4 Be7 20. Qg3+ Kb6
21. Bd3 Qf6 22. Nc4+ Kb5 23. Ne5+ Ka4 24. Qg4+ Nb4 25. cxb4 cxb4 26. Bc2+ Ka5
27. Nc4+ Ka6 28. Qe2 b5 29. Nd6 Bxd6 30. Rxd6+ Ka5 31. a3 b3 32. Qd2+ Ka4 33.
Qb4# 1-0

[Event "4NCL Online Division 4"]
[Site "online"]
[Date "2020.06.02"]
[Round "9.83"]
[White "Ahmed, Bilal"]
[Black "Brennan, J Ross"]
[Result "0-1"]
[WhiteElo "1637"]
[BlackElo "1706"]
[PlyCount "46"]
[EventDate "2020.06.02"]
[WhiteTeam "Downend 2"]
[BlackTeam "Bon Accord B"]

1. e4 e5 2. Nf3 Nc6 3. Bb5 a6 4. Ba4 Nf6 5. O-O b5 6. Bb3 Be7 7. Re1 O-O 8. c3
d5 9. exd5 Nxd5 10. Nxe5 Nxe5 11. Rxe5 c6 12. Qe1 Bd6 13. Re2 Qh4 14. g3 Qh3
15. Qf1 Qh5 16. Re1 Bh3 17. Qe2 Qxe2 18. Rxe2 Rae8 19. Re3 Nxe3 20. fxe3 Re6
21. d4 Rf6 22. Nd2 Re8 23. e4 Rxe4 0-1

[Event "4NCL Online Division 4"]
[Site "online"]
[Date "2020.06.02"]
[Round "9.84"]
[White "McLeod, Alisdair"]
[Black "Benkhoucha, Samy"]
[Result "1-0"]
[WhiteElo "1421"]
[BlackElo "1427"]
[PlyCount "53"]
[EventDate "2020.06.02"]
[WhiteTeam "Bon Accord B"]
[BlackTeam "Downend 2"]

1. e4 e5 2. Bc4 Nc6 3. Nf3 Bc5 4. b4 Bxb4 5. c3 Ba5 6. O-O Nf6 7. d4 d6 8. Ba3
O-O 9. dxe5 Nxe4 10. Qc2 Nc5 11. exd6 cxd6 12. Nbd2 Qf6 13. Bxc5 dxc5 14. Ne4
Qe7 15. Neg5 g6 16. Rfe1 Qf6 17. Ne4 Qg7 18. Re3 Bf5 19. Nfg5 Ne5 20. Bd5 Ng4
21. Rg3 Ne5 22. f4 h6 23. Qa4 Bc7 24. fxe5 hxg5 25. Nf6+ Qxf6 26. exf6 Bxg3 27.
hxg3 1-0

[Event "4NCL Online Division 4"]
[Site "online"]
[Date "2020.06.02"]
[Round "9.91"]
[White "Tarling, Ray"]
[Black "Truman, Richard G"]
[Result "1/2-1/2"]
[WhiteElo "1930"]
[BlackElo "1990"]
[PlyCount "82"]
[EventDate "2020.06.02"]
[WhiteTeam "Guildford Gatekeepers"]
[BlackTeam "Ashfield Anonymous B"]

1. e4 c5 2. Nc3 Nc6 3. g3 g6 4. Bg2 Bg7 5. d3 e6 6. Be3 d6 7. Qd2 Rb8 8. Nge2
Nd4 9. O-O b5 10. Nd1 b4 11. Nc1 Ne7 12. c3 bxc3 13. bxc3 Ndc6 14. Bh6 O-O 15.
Bxg7 Kxg7 16. Ne3 f5 17. exf5 exf5 18. Ne2 Ba6 19. Nf4 Qd7 20. Ned5 Ne5 21.
Nxe7 Qxe7 22. Rfe1 Qf6 23. Ne6+ Qxe6 24. d4 Bb7 25. dxe5 dxe5 26. Qe3 Bxg2 27.
Kxg2 Qc6+ 28. Kg1 Rfe8 29. Rab1 Rxb1 30. Rxb1 Qd5 31. Rb2 Re6 32. Rd2 Qc6 33.
c4 Qc7 34. Rd5 Qb6 35. Rxe5 Kf6 36. Rxe6+ Qxe6 37. Qxc5 Qe1+ 38. Kg2 Qe4+ 39.
Kg1 Qe1+ 40. Kg2 Qe4+ 41. Kg1 Qe1+ 1/2-1/2

[Event "4NCL Online Division 4"]
[Site "online"]
[Date "2020.06.02"]
[Round "9.92"]
[White "Flynn, David"]
[Black "Kammin, Samuel"]
[Result "1-0"]
[WhiteElo "1900"]
[BlackElo "1795"]
[PlyCount "89"]
[EventDate "2020.06.02"]
[WhiteTeam "Ashfield Anonymous B"]
[BlackTeam "Guildford Gatekeepers"]

1. e4 c5 2. c3 d5 3. exd5 Qxd5 4. d4 Nf6 5. Nf3 Bg4 6. dxc5 Qxd1+ 7. Kxd1 Bxf3+
8. gxf3 e6 9. b4 a5 10. Kc2 Nd5 11. Kb3 b6 12. Bb5+ Kd8 13. Rd1 Kc7 14. cxb6+
Kxb6 15. Bc4 Nc7 16. Be3+ Kc6 17. Nd2 Be7 18. a4 Rd8 19. b5+ Kb7 20. Ne4 Nd7
21. Nd6+ Bxd6 22. Rxd6 Nf6 23. Rad1 Ncd5 24. Rxd8 Rxd8 25. Bxd5+ Rxd5 26. Rxd5
exd5 27. Bd4 Ne8 28. c4 dxc4+ 29. Kxc4 f6 30. Kd5 Nc7+ 31. Kd6 h5 32. Bc3 Nxb5+
33. axb5 a4 34. Kc5 a3 35. Kb4 a2 36. Bd4 Kc7 37. Kb3 g6 38. Kxa2 f5 39. Kb3 g5
40. Kc4 g4 41. Kd5 h4 42. fxg4 fxg4 43. Kc5 g3 44. fxg3 hxg3 45. hxg3 1-0

[Event "4NCL Online Division 4"]
[Site "online"]
[Date "2020.06.02"]
[Round "9.93"]
[White "Merriman, Rob"]
[Black "Morgan, Philip D"]
[Result "1/2-1/2"]
[WhiteElo "1727"]
[BlackElo "1802"]
[PlyCount "126"]
[EventDate "2020.06.02"]
[WhiteTeam "Guildford Gatekeepers"]
[BlackTeam "Ashfield Anonymous B"]

1. e4 c5 2. Nf3 d6 3. d4 cxd4 4. Nxd4 Nf6 5. f3 e5 6. Nb3 h5 7. c4 Be7 8. Be3
Be6 9. Nc3 Nbd7 10. Rc1 Nc5 11. Nxc5 dxc5 12. Qxd8+ Rxd8 13. Nd5 Bd6 14. Bg5
Bxd5 15. cxd5 a6 16. a4 Be7 17. Be3 Nd7 18. Bc4 Bd6 19. Ke2 Ke7 20. h3 f6 21.
g4 hxg4 22. hxg4 g5 23. Kf2 Kf7 24. Kg2 Kg7 25. Rxh8 Rxh8 26. Rh1 Rxh1 27. Kxh1
Kf7 28. Kg2 Ke7 29. Kf2 Bc7 30. Bd2 Nb6 31. Bb3 Kd6 32. Ke2 Kd7 33. a5 Nc8 34.
Ba4+ Ke7 35. Be3 Bd6 36. Kd3 Kd8 37. Bb3 Kc7 38. Kc4 b5+ 39. axb6+ Nxb6+ 40.
Kc3 a5 41. Bc4 Nxc4 42. Kxc4 Kb6 43. Bd2 a4 44. Bc1 Be7 45. b3 axb3 46. Kxb3
Kb5 47. Bd2 Bd6 48. Bc3 c4+ 49. Ka2 Be7 50. Bb2 Ka4 51. Bc3 Bc5 52. Kb2 Bd6 53.
Bd2 Kb5 54. Be3 Be7 55. Ba7 Kb4 56. Bb8 Kc5 57. Kc3 Bf8 58. Bc7 Be7 59. Ba5 Kb5
60. Bc7 Kc5 61. Bb8 Bf8 62. Ba7+ Kb5 63. Bb8 Kc5 1/2-1/2

[Event "4NCL Online Division 4"]
[Site "online"]
[Date "2020.06.02"]
[Round "9.94"]
[White "Graham, Neil"]
[Black "Tarling, Adam"]
[Result "1-0"]
[WhiteElo "1795"]
[BlackElo "1705"]
[PlyCount "69"]
[EventDate "2020.06.02"]
[WhiteTeam "Ashfield Anonymous B"]
[BlackTeam "Guildford Gatekeepers"]

1. d4 Nf6 2. f3 d5 3. e4 dxe4 4. Nc3 exf3 5. Nxf3 e6 6. Bg5 Be7 7. Bd3 O-O 8.
O-O c5 9. dxc5 Bxc5+ 10. Kh1 Be7 11. Qe1 h6 12. Qh4 Qa5 13. Bxh6 gxh6 14. Qxh6
Qh5 15. Qf4 Qg4 16. Qh6 Qh5 17. Qf4 Nbd7 18. Rae1 Nc5 19. Re5 Nxd3 20. Rg5+ Kh7
21. Rxh5+ Nxh5 22. Qe4+ f5 23. Qxd3 Rg8 24. Ne5 Rxg2 25. Kxg2 b6 26. Qf3 Nf4+
27. Qxf4 Bb7+ 28. Kf2 Bc5+ 29. Ke1 Rg8 30. Nd7 Be7 31. Qc7 Bh4+ 32. Kd1 Bf3+
33. Rxf3 Rg1+ 34. Kd2 Bg5+ 35. Kd3 1-0

[Event "4NCL Online Division 4"]
[Site "online"]
[Date "2020.06.02"]
[Round "9.101"]
[White "McCarthy, Maurice"]
[Black "Putar, Leon"]
[Result "0-1"]
[WhiteElo "1978"]
[BlackElo "1868"]
[PlyCount "54"]
[EventDate "2020.06.02"]
[WhiteTeam "Morriston Alekhine"]
[BlackTeam "St Benildus B"]

1. c4 e5 2. Nc3 Nf6 3. Nf3 Nc6 4. e3 d5 5. cxd5 Nxd5 6. Bb5 Nxc3 7. bxc3 Bd7 8.
O-O Bd6 9. d4 e4 10. Nd2 Qh4 11. f4 exf3 12. Nxf3 Qh5 13. Be2 Qg6 14. Bd3 Qh5
15. e4 f6 16. Qb3 O-O-O 17. Rb1 b6 18. Ba6+ Kb8 19. Qb5 Ne5 20. Qe2 Nxf3+ 21.
gxf3 g5 22. f4 Qxe2 23. Bxe2 gxf4 24. Bxf4 Rhg8+ 25. Kh1 Bh3 26. Rf2 Bxf4 27.
Rxf4 Bg2+ 0-1

[Event "4NCL Online Division 4"]
[Site "online"]
[Date "2020.06.02"]
[Round "9.102"]
[White "Boland, Dylan"]
[Black "Williams, Duncan"]
[Result "1-0"]
[WhiteElo "1842"]
[BlackElo "1847"]
[PlyCount "169"]
[EventDate "2020.06.02"]
[WhiteTeam "St Benildus B"]
[BlackTeam "Morriston Alekhine"]

1. d4 d5 2. c4 e6 3. Nf3 c6 4. e3 f5 5. Be2 Nf6 6. O-O Bd6 7. a3 a5 8. Bd2 O-O
9. Nc3 Nbd7 10. Rb1 Ne4 11. b4 g5 12. Nxe4 fxe4 13. Ne1 Qf6 14. bxa5 Qh6 15. g3
Nf6 16. Bc3 Qg6 17. c5 Bc7 18. a6 bxa6 19. Qa4 Qe8 20. Nc2 e5 21. dxe5 Bxe5 22.
Bxe5 Qxe5 23. Qxc6 Bd7 24. Qd6 Qxd6 25. cxd6 Bg4 26. Bxg4 Nxg4 27. Rbd1 Rf5 28.
Nb4 Nf6 29. Rd4 Kf7 30. Rfd1 Ke6 31. d7 h6 32. g4 Nxg4 33. Nxd5 Rd8 34. Rxe4+
Re5 35. Nc7+ Kf5 36. Rc4 Nf6 37. Rc6 a5 38. Rdd6 Ne4 39. Rd5 Rxd5 40. Nxd5 Rxd7
41. Nb6 Rd1+ 42. Kg2 Rd2 43. Rxh6 Rxf2+ 44. Kg1 Rc2 45. Nd5 Ke5 46. Nb6 Nd2 47.
Rh8 Nf3+ 48. Kh1 g4 49. Nd7+ Ke6 50. Nb6 Kd6 51. Rh6+ Ke5 52. Nd7+ Kf5 53. a4
Kg5 54. Rh8 Kg6 55. e4 Kg5 56. e5 Kf5 57. Rh5+ Kg6 58. Rh8 Rd2 59. e6 Re2 60.
Nc5 Kf6 61. Nb7 Rxe6 62. Rh6+ Ke5 63. Rxe6+ Kxe6 64. Nxa5 Kd6 65. Nb3 Kc6 66.
Kg2 Ne5 67. Kg3 Kd5 68. a5 Kc6 69. Kf4 Nf3 70. h3 gxh3 71. Kxf3 h2 72. Kg2
h1=Q+ 73. Kxh1 Kb5 74. Kg2 Ka6 75. Kf3 Kb5 76. Ke4 Ka6 77. Kd5 Kb5 78. Kd6 Ka6
79. Kc6 Ka7 80. Nc5 Ka8 81. Kb6 Kb8 82. Na6+ Ka8 83. Nc7+ Kb8 84. a6 Kc8 85. a7
1-0

[Event "4NCL Online Division 4"]
[Site "online"]
[Date "2020.06.02"]
[Round "9.103"]
[White "Smith, Andrew R"]
[Black "Putar, Lara"]
[Result "0-1"]
[WhiteElo "1659"]
[BlackElo "1821"]
[PlyCount "72"]
[EventDate "2020.06.02"]
[WhiteTeam "Morriston Alekhine"]
[BlackTeam "St Benildus B"]

1. e4 e6 2. d4 d5 3. Nc3 Bb4 4. e5 c5 5. a3 Bxc3+ 6. bxc3 Qa5 7. Bd2 Qa4 8. Qb1
c4 9. h4 Nc6 10. h5 h6 11. Nf3 Nge7 12. g3 Bd7 13. Bh3 O-O-O 14. O-O b6 15. Qb2
g6 16. hxg6 fxg6 17. Kg2 g5 18. Rh1 Rdg8 19. Bg4 Be8 20. Bxe6+ Bd7 21. Bxg8
Rxg8 22. Rxh6 g4 23. Nh4 Nd8 24. Re1 Ne6 25. Rh1 Ng7 26. Ng6 Nxg6 27. Rxg6 Bf5
28. Rg5 Be4+ 29. Kg1 Bxh1 30. Kxh1 Rh8+ 31. Kg2 Qd7 32. Qb4 Nf5 33. f4 Qh7 34.
Rxf5 Qh1+ 35. Kf2 Rh2+ 36. Ke3 Qg1# 0-1

[Event "4NCL Online Division 4"]
[Site "online"]
[Date "2020.06.02"]
[Round "9.104"]
[White "Murray, Benjamin"]
[Black "Jones, Huw"]
[Result "1-0"]
[WhiteElo "1746"]
[BlackElo "1617"]
[PlyCount "69"]
[EventDate "2020.06.02"]
[WhiteTeam "St Benildus B"]
[BlackTeam "Morriston Alekhine"]

1. e4 d5 2. exd5 Nf6 3. d4 Bg4 4. Bb5+ Nbd7 5. Be2 Bxe2 6. Qxe2 Nxd5 7. Nf3 e6
8. O-O Bd6 9. c4 N5f6 10. Nc3 O-O 11. Re1 c6 12. Bg5 h6 13. Bh4 Qc7 14. c5 Be7
15. b4 a6 16. a4 b5 17. Ra3 Qb7 18. Rea1 Rfe8 19. Qa2 g5 20. Bg3 bxa4 21. Rxa4
Nd5 22. Nxd5 exd5 23. Rxa6 Rxa6 24. Qxa6 Qxb4 25. Qxc6 Nf6 26. Be5 Qc3 27. Rf1
Bd6 28. Qxd6 Ng4 29. Qd7 Rxe5 30. dxe5 Nxf2 31. Qc8+ Kg7 32. Rxf2 Qc1+ 33. Rf1
Qe3+ 34. Kh1 Qe2 35. Rg1 1-0

[Event "4NCL Online Division 4"]
[Site "online"]
[Date "2020.06.02"]
[Round "9.111"]
[White "Cole, James"]
[Black "Breed, Greg J"]
[Result "1-0"]
[WhiteElo "2057"]
[BlackElo "1825"]
[PlyCount "45"]
[EventDate "2020.06.02"]
[WhiteTeam "Oxford 3"]
[BlackTeam "Hatch End A"]

1. d4 d5 2. c4 e6 3. Nf3 Nf6 4. g3 c6 5. Bg2 Nbd7 6. Qc2 Be7 7. O-O O-O 8. Nbd2
b6 9. e4 dxe4 10. Nxe4 Bb7 11. Nxf6+ Bxf6 12. c5 bxc5 13. dxc5 Qa5 14. Be3 Rfd8
15. b4 Qa3 16. Rab1 Ba6 17. Rb3 Qa4 18. Rd1 Ne5 19. Rxd8+ Rxd8 20. Nxe5 Bxe5
21. Rd3 Bxd3 22. Qxa4 Bb5 23. Qc2 1-0

[Event "4NCL Online Division 4"]
[Site "online"]
[Date "2020.06.02"]
[Round "9.112"]
[White "Phillips, William"]
[Black "Finn, Chris"]
[Result "1/2-1/2"]
[WhiteElo "1870"]
[BlackElo "1877"]
[PlyCount "146"]
[EventDate "2020.06.02"]
[WhiteTeam "Hatch End A"]
[BlackTeam "Oxford 3"]

1. d4 e6 2. Nf3 Nf6 3. g3 d5 4. Bg2 b6 5. O-O Bb7 6. Ne5 Bd6 7. c4 Nbd7 8. Nxd7
Qxd7 9. Nc3 c6 10. cxd5 cxd5 11. Bg5 Be7 12. Rc1 h6 13. Bf4 O-O 14. Qd3 a6 15.
Rc2 Rac8 16. Rfc1 Rc6 17. Nd1 Rfc8 18. Rxc6 Rxc6 19. Rxc6 Qxc6 20. Qc3 Ne4 21.
Qxc6 Bxc6 22. Nc3 Nd6 23. Bf1 g5 24. Bc1 b5 25. b3 b4 26. Nd1 Kg7 27. e3 a5 28.
a4 f6 29. f3 e5 30. Bb2 e4 31. f4 Kg6 32. Bc1 gxf4 33. gxf4 Nf5 34. Be2 Ng7 35.
Bd2 Ne6 36. Be1 Nd8 37. Kg2 Nb7 38. Kg3 Nd6 39. Nb2 Ne8 40. Nd1 Nc7 41. Nb2 Bb7
42. Kg2 Ba6 43. Bxa6 Nxa6 44. Bh4 Nc7 45. Be1 Kh5 46. Kh3 Ne6 47. Bg3 Nf8 48.
Nd1 f5 49. Nf2 Nh7 50. Kg2 Nf6 51. h3 Nh7 52. Nh1 Nf8 53. Bf2 Kg6 54. Ng3 Bh4
55. Nxe4 Bxf2 56. Nxf2 Nd7 57. Nd3 Kf6 58. Ne5 Nb8 59. Kg3 Kg7 60. Kh4 Kh7 61.
Nf7 Kg7 62. Nd6 Kg6 63. Nc8 Nc6 64. Nb6 Ne7 65. Nd7 Kg7 66. Ne5 Kh7 67. Kh5 Kg7
68. Nd7 Kh7 69. Nf8+ Kg7 70. Ne6+ Kh7 71. Nc5 Kg7 72. Nb7 Nc6 73. Nd6 Ne7
1/2-1/2